000 00246nam a2200097Ia 4500
008 230508s1999 xx 000 0 und d
041 _aeng
100 _aDHOGAL & DHOGAL
245 _aBASIC PRACTICALS IN ELECTRICAL ENGG.
260 _bSTANDERD
_c1999
999 _c323742
_d323742